00774nam a22002175i 4500001000700000003000900007005001700016008004100033080001700074100002200091245013200113260003700245300005900282490003300341500003800374504002800412600001400440700003000454830003300484852003900517176828ES-MaACL20230906220206.0110214s1961 sp af |||| | spa d a75 Greco, El1 aMatthews, John F.11a(Domenicos Theotocopulos) El Greco b: (1541-1614) / ctexto de John F. Matthews ; versión castellana de R. Santos Torroella. aBarcelona : bTimun Mas, c1961. a[2] h. , [74] p. : bil. , lám. col. y n. ; c18 cm.1 aEl libro de arte de bolsillo aEncuadernado con otros títulos. aBibliografía: p. [74]04aEl Greco.0 aSantos Torroella, Rafael.0 aEl libro de arte de bolsillo aES-MaACLjE-14305 (1) xOlim P-144